000 00523nmc a2200193 a 4500
003 AR-X00000XY
005 20251128212013.0
008 107020s1950 ||||||||||||||000 | spa||
040 _cAR-X00000XY
100 1 _aCarrouges, M.
245 1 0 _aAndré Breton et les données fondamentales du surréalisme
260 _aParis
_bGallimard
_c1950
300 0 _a332 p.
490 0 _aLes essais
_v43
500 0 _aCon anotaciones manuscritas de Alejandra Pizarnik
655 _aLITERATURA
942 _cBK
998 _cmartin
999 _c22020
_d22020